The Art of Designing Embedded Systems (Record no. 1783)

MARC details
000 -LEADER
Fixed length control field 00435nam a2200169 4500
003 - CONTROL NUMBER IDENTIFIER
Control field SEACOMEC
005 - DATE AND TIME OF LATEST TRANSACTION
Control field 20241105122633.0
008 - FIXED-LENGTH DATA ELEMENTS--GENERAL INFORMATION
Fixed length control field 241105b |||||||| |||| 00| 0 eng d
020 ## - INTERNATIONAL STANDARD BOOK NUMBER / ISBN
International Standard Book Number 9780080499352
Price 295.00
040 ## - CATALOGING SOURCE
Original cataloging agency SEACOMEC
082 ## - DEWEY DECIMAL CLASSIFICATION NUMBER
Classification number 004.21
Book Number G199
100 ## - MAIN ENTRY--PERSONAL NAME
Personal name Ganssle, Jack G
245 ## - TITLE STATEMENT
Title The Art of Designing Embedded Systems
Statement of responsibility Jack Ganssle
260 ## - IMPRINT
Place of publication New Delhi
Name of publisher Elsevier
Date of publication 2000
300 ## - PHYSICAL DESCRIPTION
Page / Vol. No 256 p
942 ## - ADDED ENTRY ELEMENTS (KOHA)
Koha item type Books
Holdings
Withdrawn status Lost status Source of classification Damaged status Not for loan Home library Current library Date acquired Total Checkouts Call number Accession number Date last seen Price effective from Koha item type Copy number
    Dewey Decimal Classification     SEACOM ENGINEERING COLLEGE SEACOM ENGINEERING COLLEGE 24/07/2007   004.21 G199 7742 05/11/2024 05/11/2024 Books  
    Dewey Decimal Classification     SEACOM ENGINEERING COLLEGE SEACOM ENGINEERING COLLEGE 24/07/2007   004.21 G199 7743 05/11/2024 05/11/2024 Books 1
© Seacom Engineering College, All rights reserved.      Powered by Koha